| 000 | 00430nam a2200157Ia 4500 | ||
|---|---|---|---|
| 008 | 230312s9999||||xx |||||||||||||| ||und|| | ||
| 020 | _a81-7758-191-1 | ||
| 082 |
_a658.4012 _bWHE-S |
||
| 100 | _aWheelen.Thomas.L | ||
| 245 | 0 | _aStrategic Management and Business Policy | |
| 260 |
_bPrentice Hall _aIndia _c2010 |
||
| 300 | _a334 | ||
| 546 | _aEng. | ||
| 650 |
_aManagement _vStrategic Management and Business Policy |
||
| 942 | _cBK | ||
| 999 |
_c6459 _d6459 |
||